000
00301nam a22001097a 4500
082
_a
355.02 HEN'H
100
_a
HENRIQUES, ROBERT
_9
57653
245
_a
A HUNDERED HOURS TO SUEZ AN ACCOUNT OF ISRAEL'S CAMPAIGN IN THE SINAI PENINSULE
260
_a
NEWYORK
_b
VIKING
_c
1957
300
_a
206P
942
_c
BK
999
_c
567925
_d
567925